| 000 -LEADER |
| fixed length control field |
01878cam a22004577a 4500 |
| 001 - CONTROL NUMBER |
| control field |
15710421 |
| 003 - CONTROL NUMBER IDENTIFIER |
| control field |
NUST |
| 005 - DATE AND TIME OF LATEST TRANSACTION |
| control field |
20191017121008.0 |
| 008 - FIXED-LENGTH DATA ELEMENTS--GENERAL INFORMATION |
| fixed length control field |
090423s2009 abcab b 001 0 eng |
| 010 ## - LIBRARY OF CONGRESS CONTROL NUMBER |
| LC control number |
2009366833 |
| 020 ## - INTERNATIONAL STANDARD BOOK NUMBER |
| International Standard Book Number |
9781897425138 (pbk.) |
| 035 ## - SYSTEM CONTROL NUMBER |
| System control number |
(OCoLC)ocn282530875 |
| 038 ## - RECORD CONTENT LICENSOR |
| Staff Name |
MSOHAIL |
| 040 ## - CATALOGING SOURCE |
| Original cataloging agency |
NLC |
| Language of cataloging |
eng |
| Transcribing agency |
NLC |
| Modifying agency |
CDX |
| -- |
DLC |
| 042 ## - AUTHENTICATION CODE |
| Authentication code |
lccopycat |
| 043 ## - GEOGRAPHIC AREA CODE |
| Geographic area code |
n-cn-ab |
| 045 ## - TIME PERIOD OF CONTENT |
| Time period code |
x4x7 |
| 050 00 - LIBRARY OF CONGRESS CALL NUMBER |
| Classification number |
HT384.C32 |
| Item number |
C35 2009 |
| 082 04 - DEWEY DECIMAL CLASSIFICATION NUMBER |
| Classification number |
307.141609712338 |
| Edition number |
22 |
| 100 1# - MAIN ENTRY--PERSONAL NAME |
| Personal name |
Foran, Maxwell. |
| 9 (RLIN) |
24213 |
| 245 10 - TITLE STATEMENT |
| Title |
Expansive discourses : |
| Remainder of title |
urban sprawl in Calgary, 1945-1978 / |
| Statement of responsibility, etc. |
Max Foran. |
| 260 ## - PUBLICATION, DISTRIBUTION, ETC. |
| Place of publication, distribution, etc. |
Edmonton : |
| Name of publisher, distributor, etc. |
AU Press, |
| Date of publication, distribution, etc. |
c2009. |
| 300 ## - PHYSICAL DESCRIPTION |
| Extent |
276 p. : |
| Other physical details |
ill., maps ; |
| Dimensions |
23 cm. |
| 490 0# - SERIES STATEMENT |
| Series statement |
The West unbound : social and cultural studies series |
| 504 ## - BIBLIOGRAPHY, ETC. NOTE |
| Bibliography, etc. note |
Includes bibliographical references and index. |
| 530 ## - ADDITIONAL PHYSICAL FORM AVAILABLE NOTE |
| Additional physical form available note |
Issued also in an electronic format. |
| 650 #0 - SUBJECT ADDED ENTRY--TOPICAL TERM |
| Topical term or geographic name entry element |
Cities and towns |
| Geographic subdivision |
Alberta |
| -- |
Calgary |
| General subdivision |
Growth |
| -- |
History. |
| 9 (RLIN) |
24214 |
| 650 #0 - SUBJECT ADDED ENTRY--TOPICAL TERM |
| Topical term or geographic name entry element |
Real estate development |
| Geographic subdivision |
Alberta |
| -- |
Calgary |
| General subdivision |
History. |
| 9 (RLIN) |
24215 |
| 650 #0 - SUBJECT ADDED ENTRY--TOPICAL TERM |
| Topical term or geographic name entry element |
City planning |
| Geographic subdivision |
Alberta |
| -- |
Calgary |
| General subdivision |
History. |
| 9 (RLIN) |
24216 |
| 650 #6 - SUBJECT ADDED ENTRY--TOPICAL TERM |
| Topical term or geographic name entry element |
Villes |
| Geographic subdivision |
Alberta |
| -- |
Calgary |
| General subdivision |
Croissance |
| -- |
Histoire. |
| 9 (RLIN) |
24217 |
| 650 #6 - SUBJECT ADDED ENTRY--TOPICAL TERM |
| Topical term or geographic name entry element |
Promotion immobilière |
| Geographic subdivision |
Alberta |
| -- |
Calgary |
| General subdivision |
Histoire. |
| 9 (RLIN) |
24218 |
| 650 #6 - SUBJECT ADDED ENTRY--TOPICAL TERM |
| Topical term or geographic name entry element |
Urbanisme |
| Geographic subdivision |
Alberta |
| -- |
Calgary |
| General subdivision |
Histoire. |
| 9 (RLIN) |
24219 |
| 651 #0 - SUBJECT ADDED ENTRY--GEOGRAPHIC NAME |
| Geographic name |
Calgary (Alta.) |
| General subdivision |
Politics and government. |
| 9 (RLIN) |
24220 |
| 651 #0 - SUBJECT ADDED ENTRY--GEOGRAPHIC NAME |
| Geographic name |
Calgary (Alta.) |
| General subdivision |
History |
| Chronological subdivision |
20th century. |
| 9 (RLIN) |
24221 |
| 651 #6 - SUBJECT ADDED ENTRY--GEOGRAPHIC NAME |
| Geographic name |
Calgary (Alb.) |
| General subdivision |
Politique et gouvernement. |
| 9 (RLIN) |
24222 |
| 651 #6 - SUBJECT ADDED ENTRY--GEOGRAPHIC NAME |
| Geographic name |
Calgary (Alb.) |
| General subdivision |
Histoire |
| Chronological subdivision |
20e siècle. |
| 9 (RLIN) |
24223 |
| 856 41 - ELECTRONIC LOCATION AND ACCESS |
| Materials specified |
Table of contents only |
| Uniform Resource Identifier |
<a href="http://www.loc.gov/catdir/toc/fy0906/2009366833.html">http://www.loc.gov/catdir/toc/fy0906/2009366833.html</a> |
| 906 ## - LOCAL DATA ELEMENT F, LDF (RLIN) |
| a |
7 |
| b |
cbc |
| c |
copycat |
| d |
2 |
| e |
ncip |
| f |
20 |
| g |
y-gencatlg |
| 942 ## - ADDED ENTRY ELEMENTS (KOHA) |
| Source of classification or shelving scheme |
|
| Koha item type |
Book |